Châm cứu tổng hợp = general acupuncture
Đã lưu trong:
| Tác giả chính: | |
|---|---|
| Định dạng: | Sách |
| Ngôn ngữ: | Undetermined |
| Được phát hành: |
H.
Y Học
2002
|
| Những chủ đề: | |
| Các nhãn: |
Thêm thẻ
Không có thẻ, Là người đầu tiên thẻ bản ghi này!
|
| Thư viện lưu trữ: | Trung tâm Học liệu Trường Đại học Cần Thơ |
|---|
| LEADER | 00471nam a2200181Ia 4500 | ||
|---|---|---|---|
| 001 | CTU_54123 | ||
| 008 | 210402s9999 xx 000 0 und d | ||
| 020 | |b 95000 | ||
| 082 | |a 615.892 | ||
| 082 | |b H100 | ||
| 100 | |a Thái Hà | ||
| 245 | 0 | |a Châm cứu tổng hợp | |
| 245 | 0 | |b = general acupuncture | |
| 260 | |a H. | ||
| 260 | |b Y Học | ||
| 260 | |c 2002 | ||
| 650 | |a folk medicine,acupuncture | ||
| 980 | |a Trung tâm Học liệu Trường Đại học Cần Thơ | ||